header

Bio-glasses (Record no. 78280)

MARC details
000 -LEADER
fixed length control field 02034nam a2200337 a 4500
082 04 - DEWEY DECIMAL CLASSIFICATION NUMBER
Classification number 610.28
245 00 - TITLE STATEMENT
Title Bio-glasses
260 ## - PUBLICATION, DISTRIBUTION, ETC. (IMPRINT)
Place of publication Chichester, West Sussex :
Name of publisher Wiley,
Year of publication 2012.
300 ## - PHYSICAL DESCRIPTION
Number of Pages xviii, 235 p., [12] p. of plates :
Other physical details ill. (some col.)
505 0# - FORMATTED CONTENTS NOTE
Formatted contents note The unique nature of glass / Alexis G. Clare -- Melt derived bioactive glass / Matthew D. O'Donnell -- Sol-gel derived glasses for medicine / Julian R. Jones -- Phosphate glasses / Delia S. Brauer -- The structure of bioactive glasses and their surfaces / Alastair N. Cormack -- Bioactive borate glasses / Steven B. Jung -- Glass-ceramics / Wolfram H'land -- Bioactive glass- and glass-ceramic coatings / Enrica Vern -- Composites containing bioactive glass / Aldo R. Boccaccini and Qi-Zhi Chen -- Inorganic-organic sol-gel hybrids / Yuki Shirosaki ... [et al.] -- Dental applications of glasses / Leena Hupa and Antti Yli-Urpo -- Bioactive glass as synthetic bone grafts and scaffolds for tissue engineering / Julian R. Jones -- Glasses for radiotherapy / Delbert E. Day.
650 #0 - SUBJECT ADDED ENTRY--TOPICAL TERM
Topical Term Biomedical materials.
Topical Term Glass.
700 1# - ADDED ENTRY--PERSONAL NAME
Personal name Jones, Julian R.
Personal name Clare, Alexis.
856 40 - ELECTRONIC LOCATION AND ACCESS
Uniform Resource Identifier http://site.ebrary.com/lib/rucke/Doc?id=10575674

No items available.

© 2026 Rongo University
Contact us: librarian | system librarian | Rongo university